<?xml version="1.0" encoding="UTF-8"?>
<record
    xmlns:xsi="http://www.w3.org/2001/XMLSchema-instance"
    xsi:schemaLocation="http://www.loc.gov/MARC21/slim http://www.loc.gov/standards/marcxml/schema/MARC21slim.xsd"
    xmlns="http://www.loc.gov/MARC21/slim">

  <leader>01580nam a2200385   4500</leader>
  <controlfield tag="001">59460</controlfield>
  <controlfield tag="003">CO-BoRNBP</controlfield>
  <controlfield tag="005">20251015211623.0</controlfield>
  <controlfield tag="007">ta</controlfield>
  <controlfield tag="008">250130s2024    ck  |||br|||| 00| j spa d</controlfield>
  <datafield tag="020" ind1=" " ind2=" ">
    <subfield code="a">9789588962924</subfield>
  </datafield>
  <datafield tag="040" ind1=" " ind2=" ">
    <subfield code="a">CO-BoRNBP</subfield>
    <subfield code="b">spa</subfield>
    <subfield code="e">rda</subfield>
    <subfield code="c">CO-BoRNBP</subfield>
  </datafield>
  <datafield tag="041" ind1="1" ind2=" ">
    <subfield code="a">spa</subfield>
  </datafield>
  <datafield tag="043" ind1=" " ind2=" ">
    <subfield code="a">a-tu---</subfield>
  </datafield>
  <datafield tag="084" ind1=" " ind2=" ">
    <subfield code="a">C</subfield>
  </datafield>
  <datafield tag="100" ind1=" " ind2=" ">
    <subfield code="a">&#xD6;zge Bahar, Sunar</subfield>
    <subfield code="d">1981-</subfield>
    <subfield code="e">aut</subfield>
    <subfield code="9">65650</subfield>
  </datafield>
  <datafield tag="245" ind1="1" ind2="3">
    <subfield code="a">El erizo y la exhibici&#xF3;n /</subfield>
    <subfield code="c">Sunar &#xD6;zge Bahar ; traductor Daniel Ricardo Villarreal Quintero.</subfield>
  </datafield>
  <datafield tag="250" ind1=" " ind2=" ">
    <subfield code="a">Edici&#xF3;n especial</subfield>
  </datafield>
  <datafield tag="264" ind1=" " ind2="1">
    <subfield code="a">Bogot&#xE1;, Colombia :</subfield>
    <subfield code="b">Editorial Tiempo de Leer,</subfield>
    <subfield code="c">2024</subfield>
  </datafield>
  <datafield tag="300" ind1=" " ind2=" ">
    <subfield code="a">32 p&#xE1;ginas sin numerar :</subfield>
    <subfield code="b">ilustraciones a color</subfield>
  </datafield>
  <datafield tag="336" ind1=" " ind2=" ">
    <subfield code="a">texto</subfield>
    <subfield code="b">txt</subfield>
    <subfield code="2">rdacontenido</subfield>
  </datafield>
  <datafield tag="337" ind1=" " ind2=" ">
    <subfield code="a">sin mediaci&#xF3;n</subfield>
    <subfield code="b">n</subfield>
    <subfield code="2">rdamedio</subfield>
  </datafield>
  <datafield tag="338" ind1=" " ind2=" ">
    <subfield code="a">volumen</subfield>
    <subfield code="b">nc</subfield>
    <subfield code="2">rdasoporte</subfield>
  </datafield>
  <datafield tag="520" ind1=" " ind2=" ">
    <subfield code="a">Un cuento muy gracioso en el que nuestro protagonista aprovecha sus cualidades para sobresalir y dejarnos una bonita ense&#xF1;anza de no discriminaci&#xF3;n y del valor de la creatividad</subfield>
  </datafield>
  <datafield tag="521" ind1=" " ind2=" ">
    <subfield code="a">Recomendado para un p&#xFA;blico infantil a partir de los 6 a&#xF1;os</subfield>
  </datafield>
  <datafield tag="534" ind1=" " ind2=" ">
    <subfield code="t">Kirpi ve sergie</subfield>
  </datafield>
  <datafield tag="545" ind1=" " ind2=" ">
    <subfield code="a">Incluye datos biogr&#xE1;ficos del autor</subfield>
  </datafield>
  <datafield tag="650" ind1="0" ind2="7">
    <subfield code="a">Creatividad en ni&#xF1;os en la literatura</subfield>
    <subfield code="2">lemb</subfield>
    <subfield code="9">65651</subfield>
  </datafield>
  <datafield tag="650" ind1="0" ind2="4">
    <subfield code="a">Cuentos infantiles suecos</subfield>
    <subfield code="y">Siglo XXI</subfield>
    <subfield code="2">LEMB</subfield>
    <subfield code="9">58771</subfield>
  </datafield>
  <datafield tag="650" ind1="0" ind2="7">
    <subfield code="a">Eficiencia en la literatura</subfield>
    <subfield code="2">lemb</subfield>
    <subfield code="9">65652</subfield>
  </datafield>
  <datafield tag="650" ind1="0" ind2="4">
    <subfield code="a">Literatura infantil turca</subfield>
    <subfield code="y">Siglo XXI</subfield>
    <subfield code="2">LEMB</subfield>
    <subfield code="9">65653</subfield>
  </datafield>
  <datafield tag="650" ind1="0" ind2="7">
    <subfield code="a">Soluci&#xF3;n de problemas infantiles en la literatura</subfield>
    <subfield code="2">lemb</subfield>
    <subfield code="9">65654</subfield>
  </datafield>
  <datafield tag="700" ind1=" " ind2=" ">
    <subfield code="a">Villarreal Quintero, Daniel Ricardo</subfield>
    <subfield code="e">trl</subfield>
    <subfield code="9">65655</subfield>
  </datafield>
  <datafield tag="942" ind1=" " ind2=" ">
    <subfield code="2">loc</subfield>
    <subfield code="c">BKLITI</subfield>
    <subfield code="n">0</subfield>
  </datafield>
  <datafield tag="999" ind1=" " ind2=" ">
    <subfield code="c">59460</subfield>
    <subfield code="d">59460</subfield>
  </datafield>
  <datafield tag="952" ind1=" " ind2=" ">
    <subfield code="0">0</subfield>
    <subfield code="1">0</subfield>
    <subfield code="2">ddc</subfield>
    <subfield code="4">0</subfield>
    <subfield code="7">0</subfield>
    <subfield code="8">INF</subfield>
    <subfield code="a">MEFTEORO</subfield>
    <subfield code="b">MEFTEORO</subfield>
    <subfield code="c">SInf</subfield>
    <subfield code="d">2025-10-15</subfield>
    <subfield code="l">0</subfield>
    <subfield code="o">C OZG1</subfield>
    <subfield code="p">Fo02847</subfield>
    <subfield code="r">2025-10-15 21:17:12</subfield>
    <subfield code="t">Ej.1</subfield>
    <subfield code="w">2025-10-15</subfield>
    <subfield code="y">BKLITI</subfield>
  </datafield>
  <datafield tag="952" ind1=" " ind2=" ">
    <subfield code="0">0</subfield>
    <subfield code="1">0</subfield>
    <subfield code="2">ddc</subfield>
    <subfield code="4">0</subfield>
    <subfield code="7">0</subfield>
    <subfield code="8">INF</subfield>
    <subfield code="a">MECASTIL</subfield>
    <subfield code="b">MECASTIL</subfield>
    <subfield code="c">SInf</subfield>
    <subfield code="d">2025-10-16</subfield>
    <subfield code="l">0</subfield>
    <subfield code="o">C OZG1</subfield>
    <subfield code="p">EC03149</subfield>
    <subfield code="r">2025-10-16 18:46:18</subfield>
    <subfield code="t">Ej.1</subfield>
    <subfield code="w">2025-10-16</subfield>
    <subfield code="y">BKLITI</subfield>
  </datafield>
  <datafield tag="952" ind1=" " ind2=" ">
    <subfield code="0">0</subfield>
    <subfield code="1">0</subfield>
    <subfield code="2">ddc</subfield>
    <subfield code="4">0</subfield>
    <subfield code="7">0</subfield>
    <subfield code="8">INF</subfield>
    <subfield code="a">MESGUARO</subfield>
    <subfield code="b">MESGUARO</subfield>
    <subfield code="c">SInf</subfield>
    <subfield code="d">2025-10-17</subfield>
    <subfield code="l">0</subfield>
    <subfield code="o">C OZG1</subfield>
    <subfield code="p">SG04247</subfield>
    <subfield code="r">2025-10-17 14:46:34</subfield>
    <subfield code="t">Ej.1</subfield>
    <subfield code="w">2025-10-17</subfield>
    <subfield code="y">BKLITI</subfield>
  </datafield>
  <datafield tag="952" ind1=" " ind2=" ">
    <subfield code="0">0</subfield>
    <subfield code="1">0</subfield>
    <subfield code="2">ddc</subfield>
    <subfield code="4">0</subfield>
    <subfield code="7">0</subfield>
    <subfield code="8">INF</subfield>
    <subfield code="a">MEMAPIRI</subfield>
    <subfield code="b">MEMAPIRI</subfield>
    <subfield code="c">SInf</subfield>
    <subfield code="d">2025-10-23</subfield>
    <subfield code="l">0</subfield>
    <subfield code="o">C OZG1</subfield>
    <subfield code="p">MAP00004564</subfield>
    <subfield code="r">2025-10-23 15:04:33</subfield>
    <subfield code="t">Ej.1</subfield>
    <subfield code="w">2025-10-23</subfield>
    <subfield code="y">BKLITI</subfield>
  </datafield>
  <datafield tag="952" ind1=" " ind2=" ">
    <subfield code="0">0</subfield>
    <subfield code="1">0</subfield>
    <subfield code="2">ddc</subfield>
    <subfield code="4">0</subfield>
    <subfield code="7">0</subfield>
    <subfield code="8">INF</subfield>
    <subfield code="a">MELEJANI</subfield>
    <subfield code="b">MELEJANI</subfield>
    <subfield code="c">SInf</subfield>
    <subfield code="d">2025-10-24</subfield>
    <subfield code="l">0</subfield>
    <subfield code="o">C OZG1</subfield>
    <subfield code="p">LEJ01051</subfield>
    <subfield code="r">2025-10-24 19:41:00</subfield>
    <subfield code="t">Ej.1</subfield>
    <subfield code="w">2025-10-24</subfield>
    <subfield code="y">BKLITI</subfield>
  </datafield>
  <datafield tag="952" ind1=" " ind2=" ">
    <subfield code="0">0</subfield>
    <subfield code="1">0</subfield>
    <subfield code="2">ddc</subfield>
    <subfield code="4">0</subfield>
    <subfield code="7">0</subfield>
    <subfield code="8">INF</subfield>
    <subfield code="a">MEMACARE</subfield>
    <subfield code="b">MEMACARE</subfield>
    <subfield code="c">SInf</subfield>
    <subfield code="d">2025-11-04</subfield>
    <subfield code="l">0</subfield>
    <subfield code="o">COZG1</subfield>
    <subfield code="p">LM03516</subfield>
    <subfield code="r">2025-11-04 21:51:31</subfield>
    <subfield code="t">Ej.1</subfield>
    <subfield code="w">2025-11-04</subfield>
    <subfield code="y">BKLITI</subfield>
  </datafield>
  <datafield tag="952" ind1=" " ind2=" ">
    <subfield code="0">0</subfield>
    <subfield code="1">0</subfield>
    <subfield code="2">ddc</subfield>
    <subfield code="4">0</subfield>
    <subfield code="7">0</subfield>
    <subfield code="8">INF</subfield>
    <subfield code="a">MECLANUE</subfield>
    <subfield code="b">MECLANUE</subfield>
    <subfield code="c">SInf</subfield>
    <subfield code="d">2025-11-06</subfield>
    <subfield code="l">0</subfield>
    <subfield code="o">C OZG1</subfield>
    <subfield code="p">CLN00475</subfield>
    <subfield code="r">2025-11-06 22:51:35</subfield>
    <subfield code="t">Ej.1</subfield>
    <subfield code="w">2025-11-06</subfield>
    <subfield code="y">BKLITI</subfield>
  </datafield>
  <datafield tag="952" ind1=" " ind2=" ">
    <subfield code="0">0</subfield>
    <subfield code="1">0</subfield>
    <subfield code="2">ddc</subfield>
    <subfield code="4">0</subfield>
    <subfield code="7">0</subfield>
    <subfield code="8">INF</subfield>
    <subfield code="a">MEMACYARI</subfield>
    <subfield code="b">MEMACYARI</subfield>
    <subfield code="c">SInf</subfield>
    <subfield code="d">2025-10-15</subfield>
    <subfield code="e">biblioteca nacional </subfield>
    <subfield code="f">9789588962924</subfield>
    <subfield code="l">0</subfield>
    <subfield code="o">C</subfield>
    <subfield code="p">9789588962924</subfield>
    <subfield code="r">2025-11-10 21:07:29</subfield>
    <subfield code="t">Ej.1</subfield>
    <subfield code="w">2025-11-10</subfield>
    <subfield code="y">BKLITI</subfield>
  </datafield>
  <datafield tag="952" ind1=" " ind2=" ">
    <subfield code="0">0</subfield>
    <subfield code="1">0</subfield>
    <subfield code="2">ddc</subfield>
    <subfield code="4">0</subfield>
    <subfield code="7">0</subfield>
    <subfield code="8">INF</subfield>
    <subfield code="a">MEPLLERAS</subfield>
    <subfield code="b">MEPLLERAS</subfield>
    <subfield code="c">LIT</subfield>
    <subfield code="d">2025-11-18</subfield>
    <subfield code="l">0</subfield>
    <subfield code="o">C OZG1</subfield>
    <subfield code="p">PLL02587</subfield>
    <subfield code="r">2025-11-18 14:16:53</subfield>
    <subfield code="t">Ej.1</subfield>
    <subfield code="w">2025-11-18</subfield>
    <subfield code="y">BKINF</subfield>
  </datafield>
  <datafield tag="952" ind1=" " ind2=" ">
    <subfield code="0">0</subfield>
    <subfield code="1">0</subfield>
    <subfield code="2">ddc</subfield>
    <subfield code="4">0</subfield>
    <subfield code="7">0</subfield>
    <subfield code="8">INF</subfield>
    <subfield code="a">MEGRANAD</subfield>
    <subfield code="b">MEGRANAD</subfield>
    <subfield code="c">SInf</subfield>
    <subfield code="d">2025-12-17</subfield>
    <subfield code="l">0</subfield>
    <subfield code="o">C OZG1</subfield>
    <subfield code="p">GRDA00570</subfield>
    <subfield code="r">2025-12-17 15:55:23</subfield>
    <subfield code="t">Ej.1</subfield>
    <subfield code="w">2025-12-17</subfield>
    <subfield code="y">BKLITI</subfield>
  </datafield>
  <datafield tag="952" ind1=" " ind2=" ">
    <subfield code="0">0</subfield>
    <subfield code="1">0</subfield>
    <subfield code="2">ddc</subfield>
    <subfield code="4">0</subfield>
    <subfield code="7">0</subfield>
    <subfield code="8">INF</subfield>
    <subfield code="a">MEGUAMAL</subfield>
    <subfield code="b">MEGUAMAL</subfield>
    <subfield code="c">SInf</subfield>
    <subfield code="d">2026-01-22</subfield>
    <subfield code="l">0</subfield>
    <subfield code="o">C OZG1</subfield>
    <subfield code="p">GUA004962</subfield>
    <subfield code="r">2026-01-22 22:30:25</subfield>
    <subfield code="t">Ej.1</subfield>
    <subfield code="w">2026-01-22</subfield>
    <subfield code="y">BKLITI</subfield>
  </datafield>
  <datafield tag="952" ind1=" " ind2=" ">
    <subfield code="0">0</subfield>
    <subfield code="1">0</subfield>
    <subfield code="2">ddc</subfield>
    <subfield code="4">0</subfield>
    <subfield code="7">0</subfield>
    <subfield code="8">INF</subfield>
    <subfield code="a">MEDORADO</subfield>
    <subfield code="b">MEDORADO</subfield>
    <subfield code="c">SInf</subfield>
    <subfield code="d">2026-02-20</subfield>
    <subfield code="l">0</subfield>
    <subfield code="o">C OZG1</subfield>
    <subfield code="p">DOR03369</subfield>
    <subfield code="r">2026-02-20 18:55:05</subfield>
    <subfield code="t">Ej.1</subfield>
    <subfield code="w">2026-02-20</subfield>
    <subfield code="y">BKLITI</subfield>
  </datafield>
  <datafield tag="952" ind1=" " ind2=" ">
    <subfield code="0">0</subfield>
    <subfield code="1">0</subfield>
    <subfield code="2">ddc</subfield>
    <subfield code="4">0</subfield>
    <subfield code="7">0</subfield>
    <subfield code="8">001</subfield>
    <subfield code="a">MEPLOPEZ</subfield>
    <subfield code="b">MEPLOPEZ</subfield>
    <subfield code="c">GEN</subfield>
    <subfield code="d">2026-03-16</subfield>
    <subfield code="l">0</subfield>
    <subfield code="o">C</subfield>
    <subfield code="p">PLZ01805</subfield>
    <subfield code="r">2026-03-16 12:43:28</subfield>
    <subfield code="t">Ej.1</subfield>
    <subfield code="w">2026-03-16</subfield>
    <subfield code="y">BKLITI</subfield>
  </datafield>
  <datafield tag="952" ind1=" " ind2=" ">
    <subfield code="0">0</subfield>
    <subfield code="1">0</subfield>
    <subfield code="2">ddc</subfield>
    <subfield code="4">0</subfield>
    <subfield code="7">0</subfield>
    <subfield code="a">MEMESETA</subfield>
    <subfield code="b">MEMESETA</subfield>
    <subfield code="c">SInf</subfield>
    <subfield code="d">2026-03-18</subfield>
    <subfield code="l">0</subfield>
    <subfield code="o">C OZG1</subfield>
    <subfield code="p">ME02472</subfield>
    <subfield code="r">2026-03-18 21:40:10</subfield>
    <subfield code="t">Ej.1</subfield>
    <subfield code="w">2026-03-18</subfield>
    <subfield code="y">BKLITI</subfield>
  </datafield>
  <datafield tag="952" ind1=" " ind2=" ">
    <subfield code="0">0</subfield>
    <subfield code="1">0</subfield>
    <subfield code="2">ddc</subfield>
    <subfield code="4">0</subfield>
    <subfield code="7">0</subfield>
    <subfield code="8">INF</subfield>
    <subfield code="a">MESMARTI</subfield>
    <subfield code="b">MESMARTI</subfield>
    <subfield code="c">SInf</subfield>
    <subfield code="d">2026-04-10</subfield>
    <subfield code="l">0</subfield>
    <subfield code="o">C OZG1</subfield>
    <subfield code="p">SM04544</subfield>
    <subfield code="r">2026-04-10 20:57:14</subfield>
    <subfield code="t">Ej.1</subfield>
    <subfield code="w">2026-04-10</subfield>
    <subfield code="y">BKLITI</subfield>
  </datafield>
  <datafield tag="952" ind1=" " ind2=" ">
    <subfield code="0">0</subfield>
    <subfield code="1">0</subfield>
    <subfield code="2">ddc</subfield>
    <subfield code="4">0</subfield>
    <subfield code="7">0</subfield>
    <subfield code="8">INF</subfield>
    <subfield code="a">MEMAPJGA</subfield>
    <subfield code="b">MEMAPJGA</subfield>
    <subfield code="c">SInf</subfield>
    <subfield code="d">2026-05-04</subfield>
    <subfield code="l">0</subfield>
    <subfield code="o">C OZG1</subfield>
    <subfield code="p">MPJG01262</subfield>
    <subfield code="r">2026-05-04 21:38:10</subfield>
    <subfield code="t">Ej.1</subfield>
    <subfield code="w">2026-05-04</subfield>
    <subfield code="y">BKLITI</subfield>
  </datafield>
</record>
